CITES identification guide - Crocodilians (Registro nro. 8449)
[ vista simple ]
| 000 -CABECERA | |
|---|---|
| Campo de control | 01207nam a22002897a 4500 |
| 005 - FECHA Y HORA DE LA ULTIMA TRANSACCION | |
| Campo de control | 20200104041626.0 |
| 008 - ELEMENTOS DE LONGITUD FIJA—INFORMACION GENERAL | |
| Campo de control | 140220b1995 -CN||||| |||| 00| 0 eng d |
| 020 ## - ISBN | |
| ISBN | 0662619579 |
| 041 ## - IDIOMA | |
| Código de idioma para texto/pista de sonido o título separado | Inglés |
| Código de idioma de la versión original y/o traducciones intermedias del texto | Francés |
| -- | Español |
| 044 ## - PAÍS DE PUBLICACIÓN | |
| País de publicación | Canadá |
| 082 04 - NUMERO DE CLASIFICACION DECIMAL DEWEY | |
| Número de clasificación | 598 |
| Número del ítem | L16c2 |
| 090 ## - CLASIFICACIÓN LOCAL | |
| Colección | LB |
| Consecutivo | 00501 |
| 110 1# - ASIENTO PRINCIPAL--NOMBRE CORPORATIVO | |
| Unidad subordinad | Canadian Wildlife Sevice |
| 245 10 - MENCION DE TITULO | |
| Título | CITES identification guide - Crocodilians |
| Parte restante del título | guide to the identification of crocodilian species controlled under the Convention on International Trade in Endangered Species of wild fauna and flora |
| 246 ## - FORMA VARIANTE DEL TITULO | |
| Título propiamente dicho/forma breve del título | Guía de identificación de CITES - cocodrilos |
| Parte restante del título | guía de identificación de las cocodrilos protegidos por la convención sobre el comercio internacional de especies amenazadas de fauna y flora silvestres |
| 260 ## - PUBLICACION, DISTRIBUCION, ETC. (PIE DE IMPRENTA) | |
| Lugar de publicación, distribución, etc. | Ottawa |
| Nombre del editor, distribuidor, etc. | Minister of Supply and Services |
| Fecha de publicación, distribución, etc. | 1994 |
| 300 ## - DESCRIPCION FISICA | |
| Extensión | 419 p. |
| Otros detalles físicos | il. (col) |
| Dimensiones | 28 cm. |
| 504 ## - NOTA DE BIBLIOGRAFIA, ETC. | |
| Nota de bibliografía | Incluye índice de especies |
| 650 #4 - ASIENTO SECUNDARIO DE MATERIA - TERMINO TEMATICO | |
| Término temático o nombre geográfico como elemento de entrada | Cocodrilos |
| 650 #6 - ASIENTO SECUNDARIO DE MATERIA - TERMINO TEMATICO | |
| Término temático o nombre geográfico como elemento de entrada | Identificación de cocodrilos |
| 650 #4 - ASIENTO SECUNDARIO DE MATERIA - TERMINO TEMATICO | |
| Término temático o nombre geográfico como elemento de entrada | Manuales |
| 650 #6 - ASIENTO SECUNDARIO DE MATERIA - TERMINO TEMATICO | |
| Término temático o nombre geográfico como elemento de entrada | CITES |
| 650 #6 - ASIENTO SECUNDARIO DE MATERIA - TERMINO TEMATICO | |
| Término temático o nombre geográfico como elemento de entrada | Especies amenazadas |
| 650 #6 - ASIENTO SECUNDARIO DE MATERIA - TERMINO TEMATICO | |
| Término temático o nombre geográfico como elemento de entrada | Comercio de especies silvestres |
| 710 ## - ASIENTO SECUNDARIO - NOMBRE CORPORATIVO | |
| Nombre corporativo o de jurisdicción como elemento de entrada | Baie-Comeau College |
| 942 ## - ELEMENTOS ADICIONALES (KOHA) | |
| Tipo de ítem | Impreso |
| Sistema de clasificación | Dewey Decimal Classification |
| Koha issues (borrowed), all copies | 1 |
| Withdrawn status | Lost status | Sistema de Clasificación | Damaged status | No para préstamo | Colección | Inventariado | Ubicación Permanente | Ubicación actual | Fecha de adquisición | Fuente de Valor | Valor | Total Checkouts | Número topográfico | Inventario / Código de Barras | Date last seen | Date checked out | Ejemplar | Price effective from | Forma de adquisición | Tipo de material |
|---|---|---|---|---|---|---|---|---|---|---|---|---|---|---|---|---|---|---|---|---|
| Dewey Decimal Classification | General | Inventariado 2017 | Bogotá | Bogotá | 21/05/2014 | Instituto | 39000.00 | 1 | LB-598 L16c2 | 034286 | 18/02/2016 | 18/02/2016 | Ej. 1 | 21/05/2014 | Libro | |||||
| Dewey Decimal Classification | General | Inventariado 2017 | Sala Fabio Quevedo | Sala Fabio Quevedo | 21/05/2014 | Instituto | 39000.00 | LB-598 L16c2 | 034285 | 21/05/2014 | Ej. 2 | 21/05/2014 | Libro |